02421nam a22003375i 4500999001700000003000900017005001700026008004100043020001800084040004300102043001200145082003000157100003300187245008900220264006300309264001000372300002800382336002600410337002800436338002700464490007400491504005100565520111400616650003001730650004701760651006601807653002501873655001701898942001201915952015601927 c27672d27643EG-ScBUE20191013135701.0191008t2017 cau f b 001 0 eng d a9781503602588 aEG-ScBUEbengerdacEG-ScBUEdEG-ScBUE ama-----04a909.097492708312bBAY2221 aBayat, Asef,d1954-eauthor.10aRevolution without revolutionaries :bmaking sense of the Arab Spring /cAsef Bayat. 1aStanford, California :bStanford University Press,c[2017] 4cc2017 axiv, 294 pages ;c24 cm atextbtxt2rdacontent aunmediatedbn2rdamedia avolumebnc2rdacarrier0 aStanford studies in Middle Eastern and Islamic societies and cultures aIncludes bibliographical references and index. aThe revolutionary wave that swept the Middle East in 2011 was marked by spectacular mobilization, spreading within and between countries with extraordinary speed. Several years on, however, it has caused limited shifts in structures of power, leaving much of the old political and social order intact. In this book, noted author Asef Bayat―whose Life as Politics anticipated the Arab Spring―uncovers why this occurred, and what made these uprisings so distinct from those that came before. Revolution without Revolutionaries is both a history of the Arab Spring and a history of revolution writ broadly. Setting the 2011 uprisings side by side with the revolutions of the 1970s, particularly the Iranian Revolution, Bayat reveals a profound global shift in the nature of protest: as acceptance of neoliberal policy has spread, radical revolutionary impulses have diminished. Protestors call for reform rather than fundamental transformation. By tracing the contours and illuminating the meaning of the 2011 uprisings, Bayat gives us the book needed to explain and understand our post–Arab Spring world. 7aArab Spring, 2010-2BUEsh 7aRevolutionszArab countries.2BUEsh940478 7aArab countriesxPolitics and governmenty21st century.2BUEsh bMASPPSScOctober2019 vReading book 2ddccBB 00102ddc40708BaccahaMAINbMAINc2NDd2019-10-13ePurchaseg410.00l0o909.097492708312 BAYp000048127r2025-07-15 00:00:00v512.50w2019-10-13yBB